Fictions of dignity : embodying human rights in world literature /

Bibliographic Details
Main Author: Anker, Elizabeth S. (Elizabeth Susan), 1973-
Corporate Author: ebrary, Inc
Format: eBook
Language:English
Published: Ithaca : Cornell University Press, 2012.
Subjects:
Online Access:Connect to the full text of this electronic book

MARC

Tag First Indicator Second Indicator Subfields
LEADER 00000cam a2200000 a 4500
001 in00002861713
006 m o d
007 cr cn|||||||||
008 120413s2012 nyu ob 001 0 eng d
005 20250816212859.2
010 |z  2012015418 
020 |z 9780801451362 (cloth : alk. paper) 
020 |z 9780801465635 (e-book) 
035 |a (CaPaEBR)ebr10629486 
035 |a (OCoLC)820123236 
040 |a CaPaEBR  |c CaPaEBR  |d UtOrBLW 
050 1 4 |a PN56.H79  |b A55 2012eb 
082 0 4 |a 809/.933581  |2 23 
100 1 |a Anker, Elizabeth S.  |q (Elizabeth Susan),  |d 1973- 
245 1 0 |a Fictions of dignity :  |b embodying human rights in world literature /  |c Elizabeth S. Anker. 
264 1 |a Ithaca :  |b Cornell University Press,  |c 2012. 
300 |a 1 online resource (ix, 262 pages) 
336 |a text  |b txt  |2 rdacontent 
337 |a computer  |b c  |2 rdamedia 
338 |a online resource  |b cr  |2 rdacarrier 
504 |a Includes bibliographical references and index. 
505 0 |a Introduction : constructs by which we live -- Bodily integrity and its exclusions -- Embodying human rights : toward a phenomenology of social justice -- Constituting the liberal subject of rights : Salman Rushdie's Midnight's children -- Women's rights and the lure of self-determination in Nawal el Saadawi's Woman at point zero -- J.M. Coetzee's Disgrace : the rights of desire and the embodied lives of animals -- Arundhati Roy's "return to the things themselves" : phenomenology and the challenge of justice -- Coda : small places, close to home. 
500 |a Electronic resource. 
650 0 |a Human rights in literature. 
650 0 |a Social justice in literature. 
650 0 |a Postcolonialism in literature. 
650 0 |a Literature, Modern  |y 20th century  |x History and criticism. 
655 7 |a Electronic books.  |2 local 
710 2 |a ebrary, Inc. 
856 4 0 |u https://ebookcentral.proquest.com/lib/tamucs/detail.action?docID=3138402  |y Connect to the full text of this electronic book  |t 0 
980 |a 130108  |b 45  |c USD  |e 45  |f YBP_EBR0000050353  |g 1 
999 f f |s 26e49d14-c5b3-3cfb-8568-6a9e1f60ac8a  |i ea9acb4e-9d38-34d3-b6d9-d01877de7100  |t 0 
999 |a MARS 
952 f f |a Texas A&M University  |b College Station  |c Electronic Resources  |d Available Online  |t 0  |e PN56.H79 A55 2012eb  |h Library of Congress classification 
998 f f |a PN56.H79 A55 2012eb  |t 0  |l Available Online